000 04335nam0a22005291 4500
001 RU\NLR\A1\8078
005 20260407151438.0
035 _a(NLR Aleph) 009673221
090 _a9671330
_c9671330
100 _a19980504d1800 m y0rusy50 ca
101 1 _arus
_cger
102 _aRU
135 _acrcn 024anaba
140 _ay y cayaa0000
200 1 _aОпасный заклад-
_fСочинение г. Коцебу-
_gПеревод с немецкаго [Николая Краснопольского]
210 _aВ Санктпетербурге
_cпри Губернском правлении
_d1800
215 _a[4], IV, 135, [1] с.
_d12°
305 _aЗагл. ориг.: Die gefährliche Wette
305 _aДр. пер. под загл.: Опасный спор...
314 _aНа с.[3-4] посвящ. переводчика А.Л.Нарышкину с подписью: Николай Краснопольский.
316 _aЭкз. РНБ (18.134.6.58) является частью владельч. конволюта. Припл. к: Дидро Д. Побочный сын, или Испытания добродетели : Драма в пяти действиях. / Переведена с французскаго языка И[ваном] Я[ковлевым]. - [М.]: печатана в Московской Сенатской типографии, у В. О[корокова] : с одобрения определенных ценсоров, 1788. На с.[1] 2-го ряда круглый штамп ГПБ и техн. штамп.
_5NLR: 18.134.6.58
317 _aЭкз. СПбГУ из б-ки А.С.Иванова с владельч. пометой: "A monsieur monsieur Alexandr Ivanoff" (верх. обл. об.)
_5СПбГУ
321 1 _aСК XVIII 3199
325 1 _aКопия доступна в электронной библиотеке РНБ
482 0 _1001RU\NLR\A1\12144
_12001#$aПобочный сын, или Испытания добродетели$eДрама в пяти действиях.$fПереведена с французскаго языка И[ваном] Я[ковлевым].
_1210##$a[М.]$cпечатана в Московской Сенатской типографии, у В. О[корокова]$cс одобрения определенных ценсоров$d1788
_99677214
_aДидро, Д. (1713-1784)
_c[М.]
_d1788
_fПереведена с французскаго языка И[ваном] Я[ковлевым].
_nпечатана в Московской Сенатской типографии, у В. О[корокова]
_oДрама в пяти действиях.
_p[2], VIII, [2], 1-36, 35-134 [=136] с.
_tПобочный сын, или Испытания добродетели
_uhttp://vivaldi.nlr.ru/bx000015960/view
620 _dСанкт-Петербург
700 1 _4070
_8rus
_7ca
_aКоцебу
_bА. Ф. Ф. фон
_f1761-1819
_gАвгуст Фридрих Фердинанд фон
_3RU\NLR\AUTH\7788153
_971081
702 1 _aКраснопольский
_bН.С.
_f1774-после 1813
_gНиколай Степанович
_4730
702 1 _4280
_7ca
_8rus
_aНарышкин
_bА. Л.
_f1760-1826
_gАлександр Львович
_9171735
_3RU\NLR\AUTH\770171785
702 1 _aИванов
_bА.С.
_5СПбГУ
_4390
712 0 2 _4610
_aПетербургское губернское правление
_bТипография
_3RU\NLR\AUTH\8810027521
_9553515
801 0 _aRU
_bNLR
_c19980504
852 _aNLR
_j18.134.6.58
856 0 _uhttp://vivaldi.nlr.ru/bx000015967/view
856 1 _uhttp://vivaldi.nlr.ru/bx000015967/cover
856 2 _uhttp://vivaldi.nlr.ru/bx000015967/text
899 _aБАН
899 _aГПИБ
899 _aСПбГУ
901 _eКнижные издания
942 _cBOOK
980 _aNB
980 _aA1XVIIIv
981 2 2 _a(22) Материалы по истории России
_b(22) История России до 25 октября (7 ноября) 1917 года
_bКультура. Наука. Просвещение.
981 2 0 _a(20) Книжные памятники РНБb
_b(20) Русский книжный фонд